مشاركة المرأة في الإنتخابات النيابية لعام 1997 : (رقم التسجيلة. 2953)

تفاصيل مارك
000 -LEADER
fixed length control field 00842nam a22002057a 4500
005 - DATE AND TIME OF LATEST TRANSACTION
control field 20251108164055.0
008 - FIXED-LENGTH DATA ELEMENTS--GENERAL INFORMATION
fixed length control field 250721s1997 xx 000 0 ara d
082 14 - DEWEY DECIMAL CLASSIFICATION NUMBER
Classification number 324.9565/ندو
111 2# - MAIN ENTRY--MEETING NAME
Meeting name or jurisdiction name as entry element ندوة مشاركة في الإنتخابات النيابية لعام ( 1997 : عمان )
245 10 - TITLE STATEMENT
Title مشاركة المرأة في الإنتخابات النيابية لعام 1997 :
Remainder of title وقائع ندوة المرأة /
264 1# - PRODUCTION, PUBLICATION, DISTRIBUTION, MANUFACTURE, AND COPYRIGHT NOTICE
Place of production, publication, distribution, manufacture عمان :
Name of producer, publisher, distributor, manufacturer مركز الريادة للمعلومات و الدراسات،
Date of production, publication, distribution, manufacture, or copyright notice 1997.
300 ## - PHYSICAL DESCRIPTION
Extent 100ص.
490 0# - SERIES STATEMENT
Series statement سلسلة المجتمع المدني و النظام البرلماني ؛
Volume/sequential designation 4
650 17 - SUBJECT ADDED ENTRY--TOPICAL TERM
Topical term or geographic name as entry element الإنتخابات
650 17 - SUBJECT ADDED ENTRY--TOPICAL TERM
Topical term or geographic name as entry element الأردن
650 17 - SUBJECT ADDED ENTRY--TOPICAL TERM
Topical term or geographic name as entry element الهيئات التشريعية
650 17 - SUBJECT ADDED ENTRY--TOPICAL TERM
Topical term or geographic name as entry element المرأة الأردنية
942 ## - ADDED ENTRY ELEMENTS (KOHA)
Source of classification or shelving scheme Dewey Decimal Classification
Koha item type كتب
المقتنيات
حالة السحب حالة الفقدان مصدر التصنيف حالة التلف غير قابل للإعارة المكتبة الرئيسية المكتبة الحالية موقع الرف تاريخ التزويد الرقم المتسلسل Total Checkouts رقم الإستدعاء الباركود تاريخ آخر ظهور تاريخ الفاتورة نوع المادة (كوها)
    Dewey Decimal Classification     مكتبة صويلح العامة مكتبة صويلح العامة الإعارة 05/04/2016 [13041   324.9565/ندو PLD00384639 28/07/2025 05/04/2016 كتب
    Dewey Decimal Classification     مكتبة وادي السير العامة مكتبة وادي السير العامة الإعارة 28/02/2016 [6995]...   324.9565/ندو PLD00376461 28/07/2025 28/02/2016 كتب
Implemented & Customized by: BBB with SCIT (Smart Chains for Information Technology)

Powered by Koha